| 000 | 00811nas a2200265 4500 | ||
|---|---|---|---|
| 001 | BR0103261 | ||
| 003 | BR-BrBNA | ||
| 005 | 20231205102334.0 | ||
| 007 | ta | ||
| 008 | 230509b bl.|||p| |||| 00| 00por d | ||
| 040 |
_aBR-BrBNA _bpor _cBiblioteca Nacional de Agricultura |
||
| 041 | _a(Pt) | ||
| 072 | _aQ04 | ||
| 100 | 1 | _aBianchini, R. | |
| 100 | 1 | _aPenteado, M.D.V.C. | |
| 245 | 1 | _aTeores de tiamina, riboflavina e piridoxina em leites bovinos comercializados na cidade de Sao Paulo | |
| 650 | _aLeite | ||
| 650 | _aTiamina | ||
| 650 | _aVitamina G | ||
| 650 | _aCromatografia | ||
| 650 | _aSao Paulo | ||
| 773 | 0 |
_tCiencia e Tecnologia de Alimentos (Brazil) _xISSN 0101-2061 _g(Sep-Dec 2000), v. 20(3) p. 291-298 _wBR0103261 |
|
| 909 |
_a202311 _bLúcia _c55 _dLúcia Elande |
||
| 942 |
_2AGRIS _n0 _cANA |
||
| 999 |
_c167055 _d167055 |
||